Вырезки из русских газет "Правительственный вестник" и "Сын отечества" о болезни и смерти императора Александра III

Доступно только в Электронных читальных залах Найти на картеНа карте
RUSMARC
00005049cac2a2200000#x 450
001b6cfdbd5-d5ca-4c7d-850c-e225b30c1fba
00520200304104626.0
100##$a20140505l18941894k l0rusy0189 ca
1010#$arus
102##$aRU
2001#$aВырезки из русских газет "Правительственный вестник" и "Сын отечества" о болезни и смерти императора Александра III
$j1894 г.
251##$cДело
300##$aПечатный текст
801#0$aRU
$bРГИА
$c20140505
801#1$aRU
$bГлавНИВЦ
$c20140505
$2rusmarc
801#2$aRU
$bПБ им. Б.Н. Ельцина
$c20171002
$gRCR
$2rusmarc
850##$aРГИА
852##$aРГИА
$j398 б)
937##$hРГИА
$d12097048
$aASBIBLIO_SCAN
462#0$1001c0aebd74-6096-49b1-b6be-ea214839d8aa
$12001
$aДоклады, обзоры и вырезки из русской и иностранной периодической печати
$vД. 398 б)
$1251
$cОпись
$1852
$j1
461#0$100170bfa5a4-889e-44db-9b74-75899b008a1e
$12001
$aОбзоры печати, выписки и вырезки из печати (коллекция)
$1251
$cФонд
$1852
$j1470
215##$a39 листов
$d36,5х26 см
371##$aДокумент не является опубликованным и широко распространяемым
105##$ay###
1220#$ad1894######
035##$ab6cfdbd5-d5ca-4c7d-850c-e225b30c1fba
856##$uhttp://readingroom.main.prlib.ru/item.aspx?id_node=n105963380&mode=full
600#0$aАлександр
$dIII
$cимператор российский
$f1845-1894
$xБолезнь и смерть
$jПериодические издания
$2prlib_sh
$3LIBNET\UAF\0000088096
686##$2rubbk
$a63.3(2)522-332
$vLBC/M
686##$a76.02
$vLBC/M
$2rubbk
605##$2acquisition_Prlib
$3LIBNET\UAF\0000008152
$aДом Романовых
$lколлекция
605##$2acquisition_Prlib
$3DITM\AF\0000002775
$aВласть
$lколлекция
6061#$2nlr_sh
$3RU\NLR\AUTH\661422969
$aПериодическая печать
$xИстория
$yРоссия
$z1891 - 1918
Формат отображения